أطفالنا كيف يسمعون كلامنا ؟ 50 طريقة عملية تشجع طفلك العنيد على طاعتك / (رقم التسجيلة. 125449)

تفاصيل مارك
000 -LEADER
fixed length control field 00643nam a22001697a 4500
005 - DATE AND TIME OF LATEST TRANSACTION
control field 20251108175054.0
008 - FIXED-LENGTH DATA ELEMENTS--GENERAL INFORMATION
fixed length control field 250721s2010 xx 000 0 ara d
082 14 - DEWEY DECIMAL CLASSIFICATION NUMBER
Classification number 370.15/عبد
100 1# - MAIN ENTRY--PERSONAL NAME
Personal name عبد المعطي، عبدالله محمد
245 10 - TITLE STATEMENT
Title أطفالنا كيف يسمعون كلامنا ؟ 50 طريقة عملية تشجع طفلك العنيد على طاعتك /
264 1# - PRODUCTION, PUBLICATION, DISTRIBUTION, MANUFACTURE, AND COPYRIGHT NOTICE
Place of production, publication, distribution, manufacture القاهرة :
Name of producer, publisher, distributor, manufacturer الأندلس الجديدة للنشر و التوزيع،
Date of production, publication, distribution, manufacture, or copyright notice 2010.
300 ## - PHYSICAL DESCRIPTION
Extent 207 ص.
650 17 - SUBJECT ADDED ENTRY--TOPICAL TERM
Topical term or geographic name as entry element الارشاد التربوي
650 17 - SUBJECT ADDED ENTRY--TOPICAL TERM
Topical term or geographic name as entry element علم النفس التربوي
942 ## - ADDED ENTRY ELEMENTS (KOHA)
Source of classification or shelving scheme Dewey Decimal Classification
Koha item type كتب
المقتنيات
حالة السحب حالة الفقدان مصدر التصنيف حالة التلف غير قابل للإعارة المكتبة الرئيسية المكتبة الحالية موقع الرف تاريخ التزويد الرقم المتسلسل Total Checkouts رقم الإستدعاء الباركود تاريخ آخر ظهور تاريخ الفاتورة نوع المادة (كوها)
    Dewey Decimal Classification     المكتبة المركزية المكتبة المركزية الإعارة 28/07/2025 1527083   370.15/عبد PLD00252196 28/07/2025 28/07/2025 كتب
    Dewey Decimal Classification     مكتبة أبو علندا العامة مكتبة أبو علندا العامة الإعارة 07/06/2012 1527085   370.15/عبد PLD00252275 28/07/2025 07/06/2012 كتب
    Dewey Decimal Classification     مكتبة أم قصير والمقابلين العامة مكتبة أم قصير والمقابلين العامة الإعارة 07/06/2012 1527091   370.15/عبد PLD00252281 28/07/2025 07/06/2012 كتب
    Dewey Decimal Classification     مكتبة الاميرة بديعة مكتبة الاميرة بديعة الإعارة 07/06/2012 1527089   370.15/عبد PLD00252279 28/07/2025 07/06/2012 كتب
    Dewey Decimal Classification     مكتبة الحسن العامة مكتبة الحسن العامة الإعارة 07/06/2012 1527087   370.15/عبد PLD00252277 28/07/2025 07/06/2012 كتب
    Dewey Decimal Classification     مكتبة حمزة العامة مكتبة حمزة العامة الإعارة 07/06/2012 1527090   370.15/عبد PLD00252280 28/07/2025 07/06/2012 كتب
    Dewey Decimal Classification     مكتبة صويلح العامة مكتبة صويلح العامة الإعارة 07/06/2012 1527086   370.15/عبد PLD00252276 28/07/2025 07/06/2012 كتب
    Dewey Decimal Classification     مكتبة وادي السير العامة مكتبة وادي السير العامة الإعارة 07/06/2012 1527092   370.15/عبد PLD00252282 28/07/2025 07/06/2012 كتب
Implemented & Customized by: BBB with SCIT (Smart Chains for Information Technology)

Powered by Koha